|
|
|
|
| LEADER |
00000nab a2200000 ar4500 |
| 001 |
vtls009008687 |
| 003 |
SK-MaSNL |
| 005 |
20260303065527.0 |
| 008 |
170922c20060927xo mr|p|||||||000 b|slo |
| 038 |
|
|
|a SNSK
|
| 040 |
|
|
|b slo
|c SNSK
|e AACR2
|
| 041 |
|
|
|a slo
|
| 044 |
|
|
|a xo
|c SK
|
| 080 |
|
|
|a 332.852.1
|2 2001
|
| 080 |
|
|
|a 332.812.12
|2 2001
|
| 100 |
1 |
|
|a Karasová, Erika,
|d 1973-
|4 aut
|9 89869
|
| 245 |
1 |
0 |
|a Cudzinci kupujú domy aj v Úhornej
|b novinka. Zahraniční klienti neváhajú investovať do domov v "zapadákove"
|c Erika Karasová
|
| 300 |
|
|
|b Fotogr.
|
| 650 |
0 |
7 |
|a kúpa
|2 snsk
|9 877582
|
| 650 |
0 |
7 |
|a domy
|2 snsk
|9 29876
|
| 651 |
|
7 |
|a Úhorná (Slovensko)
|2 snsk
|9 31691
|
| 651 |
|
7 |
|a Gelnica (Slovensko : okres)
|2 snsk
|9 168677
|
| 773 |
0 |
|
|t Spišský denník Korzár
|g Roč. VIII., č. 222 (27.9.2006), s. 3
|x 1335-759X
|
| 852 |
|
|
|a SNSK
|b KIS3GCP
|
| 999 |
|
|
|c 1751569
|d 1753499
|